Programming Windows 3.1 (Record no. 294126)

MARC details
000 -LEADER
fixed length control field 00425nam a2200169Ia 4500
008 - FIXED-LENGTH DATA ELEMENTS--GENERAL INFORMATION
fixed length control field 230718s9999 xx 000 0 und d
041 ## - LANGUAGE CODE
Language code of text/sound track or separate title eng
082 ## - DEWEY DECIMAL CLASSIFICATION NUMBER
Classification number 005.4'3
Item number PET
100 ## - MAIN ENTRY--PERSONAL NAME
Personal name Petzold C.
245 ## - TITLE STATEMENT
Title Programming Windows 3.1
260 ## - PUBLICATION, DISTRIBUTION, ETC. (IMPRINT)
Date of publication, distribution, etc. 1992
Name of publisher, distributor, etc. Microsoft Press
300 ## - PHYSICAL DESCRIPTION
Extent 983
Accompanying material [OBSOLETE, CAN/MARC] Ref 90 C (5331)
365 ## - TRADE PRICE
Currency code Rs.
Price amount 1221.00
500 ## - GENERAL NOTE
Keywords 90 C
700 ## - ADDED ENTRY--PERSONAL NAME
Personal name Petzold C.
906 ## - LOCAL DATA ELEMENT F, LDF (RLIN)
d B:21422-Sep-1995
c COMP
b 183.15
Holdings
Withdrawn status Lost status Source of classification or shelving scheme Reference No Damaged status Not for loan Home library Current library Date acquired Vendor Budget Code Cost, normal purchase price Bill number Full call number Barcode Date last seen Discount Cost, replacement price Bill Date Koha item type Original Barcode
    Dewey Decimal Classification Ref 90 C (5331)   Reference Cummins College of Engineering for Women Pune Cummins College of Engineering for Women Pune 25/09/1995 Pradeep Book Distributors COMP 1037.85 214 005.4'3 CCEP-BK-5331 18/07/2023 183.15 1221.00 22/09/1995 Books 005331